Southville International School and Colleges
Your cart is empty.
  • Cart
  • Lists
    Public lists Eva Luna New books Lux_list list_1
    Your lists Log in to create your own lists
  • Log in to your account
  • Your cookies
  • Search history
Southville International School and Colleges
  • Advanced search
  • Recent comments
  • Most popular
  • Libraries

Log in to your account

Log in with GOOGLE


If you do not have an external account, but do have a local account, you can still log in:

  1. Home
  2. MARC view: An introduction to psychological assessment and psychometrics /
Normal view MARC view ISBD view

An introduction to psychological assessment and psychometrics / (Record no. 288896)

[ view plain ]
MARC details
000 -LEADER
fixed length control field 00774nam a22002655i 4500
001 - CONTROL NUMBER
control field SSB006744
003 - CONTROL NUMBER IDENTIFIER
control field PILC
005 - DATE AND TIME OF LATEST TRANSACTION
control field 20160202091636.0
008 - FIXED-LENGTH DATA ELEMENTS--GENERAL INFORMATION
fixed length control field 130731s2014 cau 000 0 eng
010 ## - LIBRARY OF CONGRESS CONTROL NUMBER
LC control number 2013946657
020 ## - INTERNATIONAL STANDARD BOOK NUMBER
International Standard Book Number 9781446267158 (pbk.)
040 ## - CATALOGING SOURCE
Original cataloging agency DLC
Language of cataloging eng
Description conventions rda
Transcribing agency DLC
042 ## - AUTHENTICATION CODE
Authentication code pcc
050 00 - LIBRARY OF CONGRESS CALL NUMBER
Classification number BF 176
Item number .C631 2014
100 1# - MAIN ENTRY--PERSONAL NAME
Personal name Coaley, Keith.
245 13 - TITLE STATEMENT
Title An introduction to psychological assessment and psychometrics /
Statement of responsibility, etc Keith Coaley.
250 ## - EDITION STATEMENT
Edition statement 2nd edition.
260 ## - PUBLICATION, DISTRIBUTION, ETC. (IMPRINT)
Place of publication, distribution, etc Los Angeles :
Name of publisher, distributor, etc Sage,
Date of publication, distribution, etc 2014.
263 ## - PROJECTED PUBLICATION DATE
Projected publication date 1403.
300 ## - PHYSICAL DESCRIPTION
Extent xiv, 383 pages :
Other physical details illustrations ;
Dimensions 24 cm.
500 ## - GENERAL NOTE
General note Includes bibliographical references and indexes.
650 #0 - SUBJECT ADDED ENTRY--TOPICAL TERM
Topical term or geographic name as entry element Psychological tests.
650 #0 - SUBJECT ADDED ENTRY--TOPICAL TERM
Topical term or geographic name as entry element Psychometrics.
942 ## - ADDED ENTRY ELEMENTS (KOHA)
Source of classification or shelving scheme Library of Congress Classification
Koha item type Books
Call number prefix Foreign
Holdings
Withdrawn status Lost status Source of classification or shelving scheme Damaged status Home library Current library Shelving location Date acquired Source of acquisition Cost, normal purchase price Total Checkouts Total Renewals Full call number Barcode Date last seen Date checked out Price effective from Koha item type
    Library of Congress Classification   College Library College Library Graduate Section 11/05/2015 Library Fund 3588.00 3 9 BF 176 .C631 2014 C20225 09/07/2018 07/31/2018 11/05/2015 Books

An introduction to psychological assessment and psychometrics /

APA

Coaley K., . (2014). An introduction to psychological assessment and psychometrics. Los Angeles: Sage.

Chicago

Coaley Keith, . 2014. An introduction to psychological assessment and psychometrics. Los Angeles: Sage.

Harvard

Coaley K., . (2014). An introduction to psychological assessment and psychometrics. Los Angeles: Sage.

MLA

Coaley Keith, . An introduction to psychological assessment and psychometrics. Los Angeles: Sage. 2014.

  • Place hold
  • Print
  • Cite
  • Add to your cart (remove)
  • Save record
    BIBTEX Dublin Core MARCXML MARC (non-Unicode/MARC-8) MARC (Unicode/UTF-8) MARC (Unicode/UTF-8, Standard) MODS (XML) RIS
  • More searches
    Search for this title in:
    Other Libraries (WorldCat) Other Databases (Google Scholar) Online Stores (Bookfinder.com) Open Library (openlibrary.org)

Exporting to Dublin Core...

SOUTHVILLE LIBRARY

Southville International School and Colleges Library

1281 Tropical Ave. Cor. Luxembourg St., BF Homes International, Las Pinas City

Tel. No. 8256374 / 252358 Loc. 117/146

Powered by Koha